00405 2200157 4500001002100000008004100021035002000062245005200082260002800134300002100162020001800183084001400201082000800215650001200223990001200235INLIS000000000001119 ind  a0010-0722000668 aKumpulan Cerita Rakyat SumatracVievid D. Utami aYogyakartabEmpat Pilar a52c17,5 x 25 cm a9789790420380 a398 VIE k a398 aFolklor aDI.1484